书目信息 |
| 题名: |
名利场
|
|
| 作者: | 萨克雷 著 ;杨必 译 | |
| 分册: | 下 | |
| 出版信息: | 南京 江苏凤凰文艺出版社 2024.01 |
|
| 页数: | 2册(478;442页) | |
| 开本: | 21cm | |
| 丛书名: | ||
| 单 册: | ||
| 中图分类: | I561.44 | |
| 科图分类: | ||
| 主题词: | 长篇小说--英国--近代 | |
| 电子资源: | ||
| ISBN: | 978-7-5594-7994-5 | |
| 000 | 00830nam0 2200253 450 | |
| 001 | 013005635 | |
| 005 | 20251022143812.89 | |
| 010 | @a978-7-5594-7994-5@b精装@dCNY139.00 | |
| 100 | @a20240704d2024 em y0chiy0120 ea | |
| 101 | 1 | @achi@ceng |
| 102 | @aCN@b320000 | |
| 105 | @aa z 000ay | |
| 106 | @ar | |
| 200 | 1 | @a名利场@9ming li chang@dVanity fair@f(英)威廉·萨克雷著@g杨必译@h下@zeng |
| 210 | @a南京@c江苏凤凰文艺出版社@d2024.01 | |
| 215 | @a2册(478;442页)@c图@d21cm | |
| 500 | 10 | @a名利场@9ming li chang |
| 510 | 1 | @aVanity fair@zeng |
| 606 | 0 | @a长篇小说@y英国@z近代 |
| 690 | @aI561.44@v5 | |
| 701 | 0 | @c(英)@a萨克雷@9sa ke lei@c(Thackeray, William Makepeace@f1811-1863)@4著 |
| 702 | 0 | @a杨必@9yang bi@c(女,@f1922.5-1968)@4译 |
| 801 | 0 | @aCN@c20250909 |
| 905 | @a河南城建学院图书馆@dI561.44@eS006:2@ZS006:2@f1 | |
| 名利场=Vanity fair/(英)威廉·萨克雷著/杨必译.下.-南京:江苏凤凰文艺出版社,2024.01 |
| 2册(478;442页):图;21cm |
| ISBN 978-7-5594-7994-5(精装):CNY139.00 |
| ● |
| 相关链接 |
|
|
|
正题名:名利场
索取号:I561.44/S006:2
 
预约/预借
| 序号 | 登录号 | 条形码 | 馆藏地/架位号 | 状态 | 备注 |
| 1 | 1631985 | 216319856 | 文学库116/116文学库 20排3列2层/ [索取号:I561.44/S006:2] | 在馆 |